पत्रबोध (Record no. 1085114)

MARC details
000 -LEADER
fixed length control field 00604nam a2200181Ia 4500
008 - FIXED-LENGTH DATA ELEMENTS--GENERAL INFORMATION
fixed length control field 151119s9999||||xx |||||||||||||| ||und||
082 ## - DEWEY DECIMAL CLASSIFICATION NUMBER
Item number GKKV32813
100 ## - MAIN ENTRY--PERSONAL NAME
Personal name स्वामी विद्यानंद
245 ## - TITLE STATEMENT
Title पत्रबोध
260 ## - PUBLICATION, DISTRIBUTION, ETC. (IMPRINT)
Place of publication, distribution, etc हडपसर
260 ## - PUBLICATION, DISTRIBUTION, ETC. (IMPRINT)
Name of publisher, distributor, etc स्वामी विद्यानंद सेवा मंडळ
260 ## - PUBLICATION, DISTRIBUTION, ETC. (IMPRINT)
Date of publication, distribution, etc 2011
600 ## - SUBJECT ADDED ENTRY--PERSONAL NAME
Personal name स्वामी विद्यानंद
630 ## - SUBJECT ADDED ENTRY--UNIFORM TITLE
Uniform title पत्रबोध
700 ## - ADDED ENTRY--PERSONAL NAME
Personal name स्वामी विद्यानंद
730 ## - ADDED ENTRY--UNIFORM TITLE
Uniform title पत्रबोध
942 ## - ADDED ENTRY ELEMENTS (KOHA)
Koha item type Book
Holdings
Withdrawn status Lost status Damaged status Not for loan Home library Current library Date acquired Cost, normal purchase price Total Checkouts Full call number Barcode Date last seen Cost, replacement price Price effective from Koha item type
        G.K. Khandekar Vachanalaya, Mulund G.K. Khandekar Vachanalaya, Mulund 04/22/2014 0.00   GKKV32813 GKKV32813 11/19/2015 0.00 11/19/2015 Book